000 00299nam a22001337a 4500
008 170413b xxu||||| |||| 00| 0 eng d
020 _a55544
041 _aeng
080 _24TH
_a612.39
100 _a10
101 _aSHM
245 _aNUTRITION AND DIET THERAPY
_cWILLIAMS, S.R
942 _2udc
_cBK
999 _c10699
_d10699